Countries More Guessed than their Borders - Statistics

General Stats
  • This quiz has been taken 1,197 times
    1,167 since last reset
  • The average score is 13 of 17
Answer Stats
Continent # Borders Country % Correct
North America 2 United States
95%
Europe 14 Russia
93%
Europe 11 France
91%
Africa 6 South Africa
89%
Europe 2 United Kingdom
86%
Africa 3 Egypt
85%
Africa 9 D.R. of the Congo
82%
Africa 7 Niger
78%
North America 1 Haiti
73%
Asia 1 South Korea
71%
Asia 3 Indonesia
69%
Africa 5 Kenya
67%
Europe 2 Sweden
66%
Asia 8 Turkey
66%
North America 3 Honduras
65%
Asia 4 Thailand
63%
Africa 3 Ghana
48%
No matching quizzes found
Score Distribution
Percent of People with Each Score
Percentile by Number Answered
Your Score History
You have not taken this quiz since the last reset